|
|
|
|
| LEADER |
00000nas a2200000 a 4500 |
| 001 |
ssj0001598 |
| 003 |
WaSeSS |
| 005 |
20200512172242.0 |
| 006 |
m d |
| 007 |
cr n |
| 008 |
980209c19709999ilumx p s 0 a0eng c |
| 010 |
|
|
|a 2010235179
|
| 016 |
7 |
|
|a A25140000
|2 DNLM
|
| 022 |
|
|
|a 2163-5129
|l 0002-9769
|y 0002-9769
|
| 035 |
|
|
|a (WaSeSS)ssj0001598
|
| 037 |
|
|
|b American Libraries Magazine, 50 East Huron, Chicago, IL 60611
|
| 040 |
|
|
|a FGA
|b eng
|c FGA
|d OCL
|d OCLCQ
|d IBS
|d IZ$
|d OCLCQ
|d UV0
|d TXJ
|d OCLCQ
|d EYM
|d HLS
|d HUL
|d DLC
|d CUS
|d OCLCQ
|d DLC
|d OCLCF
|d OCLCO
|d OCLCQ
|d FIE
|d AUD
|d DMF
|d LND
|d UKBOL
|d OCLCO
|d OCLCQ
|d WY@
|d OCLCQ
|d OCLCO
|d UUM
|d OCLCQ
|d OCLCO
|d OCLCQ
|d OCLCO
|d WYU
|d VT2
|d CUS
|d OCLCQ
|d OCLCO
|d WaSeSS
|
| 042 |
|
|
|a pcc
|a nsdp
|
| 050 |
1 |
4 |
|a Z673.A5
|b B82
|
| 060 |
0 |
|
|a Z 673 A508
|
| 082 |
1 |
0 |
|a 020.973
|2 14
|
| 082 |
1 |
4 |
|a 005
|
| 130 |
0 |
|
|a American libraries (Online)
|
| 222 |
|
0 |
|a American libraries
|b (Chicago, Ill. Online)
|
| 245 |
1 |
0 |
|a American libraries
|h [electronic resource].
|
| 260 |
|
|
|a Chicago, IL :
|b American Library Association,
|c 1970-
|
| 310 |
|
|
|a 10 no. a year,
|b 2009-
|
| 321 |
|
|
|a Eleven no. a year,
|b 1970-2008
|
| 362 |
1 |
|
|a Began with vol. 1, no. 1 (Jan. 1970).
|
| 506 |
|
|
|a License restrictions may limit access.
|
| 515 |
|
|
|a Some issues combined.
|
| 520 |
|
|
|a Contains library news, special reports, job listings, events calendar, and tables of contents for the monthly print periodical American Libraries.
|
| 538 |
|
|
|a Mode of access: World Wide Web.
|
| 550 |
|
|
|a Official bulletin of the American Library Association.
|
| 588 |
|
|
|a Description based on: Vol. 1, no. 1 (Jan. 1970); title from cover (JSTOR, viewed Nov. 10, 2010).
|
| 588 |
|
|
|a Latest issue consulted: Vol. 42, no. 7/8 (July/Aug. 2011) (Ala.org, viewed Sept. 9, 2011).
|
| 610 |
2 |
6 |
|a American Library Association
|v Périodiques.
|
| 650 |
|
0 |
|a Library science
|v Periodicals.
|
| 650 |
|
7 |
|a Library science.
|2 fast
|0 (OCoLC)fst00997916
|
| 653 |
|
|
|a Computing, mathematics and information systems
|
| 655 |
|
0 |
|a Electronic journals.
|
| 710 |
2 |
|
|a American Library Association.
|
| 776 |
0 |
8 |
|i Print version:
|t American libraries
|x 0002-9769
|w (DLC) 70021767
|w (OCoLC)854299
|
| 780 |
0 |
0 |
|a American Library Association.
|t ALA bulletin
|x 2328-8310
|w (DLC) 2011235750
|w (OCoLC)559980343
|
| 856 |
4 |
0 |
|z Full text available from Research Library: 01/01/1997 to present
|u https://search.proquest.com/publication/34488
|